[Rezension von: ליכט, יעקב שלום, 1922-1992, מעולמה הרוחני של יהדות הבית השני]
| Main Author: | |
|---|---|
| Contributors: | |
| Format: | Electronic Review |
| Language: | English |
| Check availability: | HBZ Gateway |
| Interlibrary Loan: | Interlibrary Loan for the Fachinformationsdienste (Specialized Information Services in Germany) |
| Published: |
2021
|
| In: |
Revue de Qumran
Year: 2021, Volume: 33, Issue: 2, Pages: 117-118 |
| Review of: | Me-ʿolamah ha-ruḥani shel yahadut ha-Bayit ha-sheni (Yerushalayim : Mosad Byaliḳ, 2020) (Najman, Hindy)
|
| Further subjects: | B
Book review
|
| Online Access: |
Volltext (lizenzpflichtig) Volltext (lizenzpflichtig) |
MARC
| LEADER | 00000naa a2200000 c 4500 | ||
|---|---|---|---|
| 001 | 1870728033 | ||
| 003 | DE-627 | ||
| 005 | 20231121105002.0 | ||
| 007 | cr uuu---uuuuu | ||
| 008 | 231121s2021 xx |||||oo 00| ||eng c | ||
| 024 | 7 | |a 10.2143/RQ.33.2.3290129 |2 doi | |
| 035 | |a (DE-627)1870728033 | ||
| 035 | |a (DE-599)KXP1870728033 | ||
| 040 | |a DE-627 |b ger |c DE-627 |e rda | ||
| 041 | |a eng | ||
| 084 | |a 1 |2 ssgn | ||
| 100 | 1 | |e VerfasserIn |0 (DE-588)140809740 |0 (DE-627)622576828 |0 (DE-576)320865517 |4 aut |a Najman, Hindy |d 1967- | |
| 109 | |a Najman, Hindy 1967- | ||
| 245 | 1 | 0 | |a [Rezension von: ליכט, יעקב שלום, 1922-1992, מעולמה הרוחני של יהדות הבית השני] |c Hindy Najman |
| 264 | 1 | |c 2021 | |
| 336 | |a Text |b txt |2 rdacontent | ||
| 337 | |a Computermedien |b c |2 rdamedia | ||
| 338 | |a Online-Ressource |b cr |2 rdacarrier | ||
| 655 | 7 | |a Rezension |0 (DE-588)4049712-4 |0 (DE-627)106186019 |0 (DE-576)209083166 |2 gnd-content | |
| 700 | 1 | |6 880-01 |e VerfasserIn des Bezugswerks |0 (DE-588)12102993X |0 (DE-627)081040830 |0 (DE-576)213419491 |4 ant |a Licht, Jacob |d 1922-1992 | |
| 773 | 0 | 8 | |i Enthalten in |t Revue de Qumran |d Leuven : Peeters, 1958 |g 33(2021), 2, Seite 117-118 |h Online-Ressource |w (DE-627)85763870X |w (DE-600)2854158-3 |w (DE-576)469131306 |x 2506-7567 |7 nnas |
| 773 | 1 | 8 | |g volume:33 |g year:2021 |g number:2 |g pages:117-118 |
| 787 | 0 | 8 | |i Rezension von |a Licht, Jacob, 1922 - 1992 |t Me-ʿolamah ha-ruḥani shel yahadut ha-Bayit ha-sheni |d Yerushalayim : Mosad Byaliḳ, 2020 |h 268 Seiten |w (DE-627)1745811575 |z 9789655362503 |z 9655362507 |
| 856 | 4 | 0 | |u https://doi.org/10.2143/RQ.33.2.3290129 |x Resolving-System |z lizenzpflichtig |3 Volltext |7 1 |
| 856 | 4 | 0 | |u https://poj.peeters-leuven.be/content.php?url=article&id=3290129&journal_code=RQ |x Verlag |z lizenzpflichtig |3 Volltext |7 1 |
| 880 | 1 | |6 700-01/Hebr/r |a ליכט, יעקב שלום |d 1922-1992 |e VerfasserIn des Bezugswerks |0 (DE-588)12102993X |0 (DE-627)081040830 |0 (DE-576)213419491 |4 ant | |
| 935 | |a BIIN | ||
| 951 | |a AR | ||
| BIB | |a 1 | ||
| ELC | |a 1 | ||
| ITA | |a 1 |t 1 | ||
| LOK | |0 000 xxxxxcx a22 zn 4500 | ||
| LOK | |0 001 4414667623 | ||
| LOK | |0 003 DE-627 | ||
| LOK | |0 004 1870728033 | ||
| LOK | |0 005 20231121104825 | ||
| LOK | |0 008 231121||||||||||||||||ger||||||| | ||
| LOK | |0 040 |a DE-Tue135-1 |c DE-627 |d DE-Tue135-1 | ||
| LOK | |0 852 |a DE-Tue135-1 | ||
| LOK | |0 852 1 |m p |9 00 | ||
| LOK | |0 852 2 |b www / FTH Z4-676 (Print) |9 00 | ||
| LOK | |0 85640 |u https://bibsearch.uibk.ac.at/AC01238005 | ||
| LOK | |0 935 |a inzs | ||
| LOK | |0 938 |k p | ||
| LOK | |0 939 |a 21-11-23 |b l01 | ||
| ORI | |a SA-MARC-ixtheoa001.raw | ||
| SUB | |a BIB | ||